L'image et son interprétation (notice n° 2186536)

détails MARC
000 -LEADER
fixed length control field 01698cam a2200133 4500500
005 - DATE AND TIME OF LATEST TRANSACTION
control field 20260405064237.0
041 ## - LANGUAGE CODE
Language code of text/sound track or separate title fre
042 ## - AUTHENTICATION CODE
Authentication code dc
100 10 - MAIN ENTRY--PERSONAL NAME
Personal name Joly, Martine
Relator term author
245 00 - TITLE STATEMENT
Title L'image et son interprétation
260 ## - PUBLICATION, DISTRIBUTION, ETC.
Name of publisher, distributor, etc. Armand Colin,<br/>
Date of publication, distribution, etc. 2005.<br/>
520 ## - SUMMARY, ETC.
Summary, etc. L'interprétation des messages visuels et audiovisuels est une activité psychique de conversion et de conservation de données encore mystérieuse. Si l'analyse des messages eux-mêmes, en relation ou non avec leur contexte de production et de réception, nous renseigne sur ce qu'ils offrent à percevoir, elle ne nous informe pas pour autant sur ce que le destinataire du message, qui l'interprète, en comprend et en retient. En présentant des analyses de discours tenus sur les images par la presse, la critique ou la littérature en alternance avec des études d'images variées, issues du cinéma, de la presse ou encore de la télévision, ce livre met en évidence les attentes du spectateur et les manifestations de leur satisfaction ou de leur déception. Il montre que, quelle que soit leur nature (documentaire ou fiction), les œuvres sollicitent des types d'adhésion relevant le plus souvent du « croire » et dont la mémorisation est modulée selon l'engagement et la réceptivité du spectateur, finalement plus autonome que manipulé, plus séduit que victime. Par cette approche originale de compréhension des mécanismes de l'interprétation des images, cet ouvrage intéressera tous ceux qui analysent les modalités de la communication et de la signification visuelles.
856 41 - ELECTRONIC LOCATION AND ACCESS
Uniform Resource Identifier <a href="https://shs.cairn.info/l-image-et-son-interpretation--9782200341787?lang=fr&redirect-ssocas=7080">https://shs.cairn.info/l-image-et-son-interpretation--9782200341787?lang=fr&redirect-ssocas=7080</a>

Pas d'exemplaire disponible.

PLUDOC

PLUDOC est la plateforme unique et centralisée de gestion des bibliothèques physiques et numériques de Guinée administré par le CEDUST. Elle est la plus grande base de données de ressources documentaires pour les Étudiants, Enseignants chercheurs et Chercheurs de Guinée.

Adresse

627 919 101/664 919 101

25 boulevard du commerce
Kaloum, Conakry, Guinée

Réseaux sociaux

Powered by Netsen Group @ 2025